[Event "BL2-W9596"]
[Site "Germany"]
[Date "1996.??.??"]
[Round "?"]
[White "Kamp, Christoph"]
[Black "Meyer, Peter"]
[Result "1/2-1/2"]
[WhiteElo "2265"]
[BlackElo "2335"]

1.c4 c5 2.Nf3 Nf6 3.Nc3 e6 4.d4 cxd4 5.Nxd4 Nc6 6.g3 a6 7.Bg2 Qb6 8.Nxc6 dxc6
9.O-O e5 10.Qc2 Be6 11.Be3 Qc7 12.Na4 Be7 13.Nc5 Bc8 14.h3 Rb8 15.Rfd1 O-O
16.Kh2 h5 17.Nd3 Bf5 18.Qc3 Nd7 19.Kg1 Bf6 20.Qc1 Rfe8 21.Nc5 Nf8 22.Ne4 Be7
23.Qc3 Ne6 24.Rd2 Red8 25.Rad1 Rxd2 26.Rxd2 Rd8 27.Rxd8+ Bxd8 28.Qd2 Be7
29.b3 Bg6 30.Ng5 Nd4 31.Bh1 Nc2 32.Ne4 Nxe3 33.Qxe3 Qd8 34.Qd2 Qd4 35.Qxd4 exd4
36.c5 f5 37.Nd2 Bxc5 38.Nc4 Be8 39.Na5 b6 40.Bxc6 Kf8 41.Bxe8 Kxe8  1/2-1/2

[Event "BL2-W9596"]
[Site "Germany"]
[Date "1996.??.??"]
[Round "?"]
[White "Jackelen, Thomas"]
[Black "Holzke, Frank"]
[Result "1/2-1/2"]
[WhiteElo "2405"]
[BlackElo "2375"]

1.Nf3 Nf6 2.c4 c5 3.Nc3 g6 4.d4 cxd4 5.Nxd4 Nc6 6.e4 d6 7.Be2 Nxd4 8.Qxd4 Bg7
9.Be3 O-O 10.Qd2 Be6 11.f3 Qa5 12.Rc1 Rfc8 13.b3 a6 14.Na4 Qxd2+ 15.Kxd2 Nd7
16.Nc3 b5 17.Nd5 Bxd5 18.cxd5 b4 19.Rxc8+ Rxc8 20.Rc1 Bc3+ 21.Kd1 Nc5 22.g4 Kg7
23.Rc2 a5 24.Bb5 f5 25.exf5 gxf5 26.h3 Rf8 27.Ke2 f4 28.Bf2 h5 29.Kf1 hxg4
30.hxg4 Rb8 31.Bc4 Nd7 32.a4 Nb6 33.Bxb6 Rxb6 34.Rh2 Rb7 35.Ke2 Be5 36.Kd3 Kg6
37.Ke4 Rc7 38.Rh5 Rc8 39.Rh1 Rc7 40.Kd3 Rc8 41.Kd2 Kg7 42.Ke2 Rc5 43.Rh5 Rc8
44.Kf1 Rc5 45.Kg2 Rc7 46.Kh3 Kg6 47.Kg2  1/2-1/2

[Event "BL2-W9697"]
[Site "Germany"]
[Date "1996.??.??"]
[Round "?.1"]
[White "Chuchelov, Vladimir"]
[Black "Pelletier, Yannick"]
[Result "1-0"]
[WhiteElo "2490"]
[BlackElo "2440"]

1.Nf3 Nf6 2.c4 c5 3.Nc3 e6 4.g3 b6 5.Bg2 Bb7 6.O-O Be7 7.Re1 d6 8.e4 a6 9.d4 cxd4
10.Nxd4 Qc7 11.Be3 O-O 12.Rc1 Re8 13.f4 Bf8 14.f5 Nbd7 15.fxe6 fxe6 16.Bh3 Nc5
17.b4 Ncxe4 18.Nxe4 Nxe4 19.Nxe6 Qf7 20.Rf1 Nf6 21.Ng5 Qc7 22.Bd4 Qc6 23.Qf3 Qxf3
24.Nxf3 b5 25.Ng5 bxc4 26.Be6+ Kh8 27.Rxc4 Rxe6 28.Nxe6 Bd5 29.Rxf6 gxf6
30.Bxf6+ Kg8 31.Rg4+ Kf7 32.Nc7 Kxf6 33.Rf4+ Kg6 34.Nxa8 Bh6 35.Nc7 Bxf4
36.Nxd5 Be5 37.Kf2 Bd4+ 38.Ke2 Kf5 39.Kd3 Bg1 40.h3 h5 41.a4 Bf2 42.Nc7 Bxg3
43.Nxa6 Ke5 44.Nc7 d5 45.Nb5 Be1 46.Nd4 Kd6 47.Nc2 Bf2 48.Ke2 Bb6 49.Ne3 Bd8
50.Kd3 Ke5 51.a5 Kd6 52.Nf5+ Ke6 53.Nd4+ Kd7 54.Ne2 Kd6 55.Nf4 h4 56.Kc3 Kc6
57.Ne6 Bf6+ 58.Nd4+ Kd7 59.Kd3 Bd8 60.Ne2 Be7 61.Kc3 Bd8 62.Kb3 Bg5 63.Ka4 Be3
64.Kb5 Kd6 65.Nc3 Bd4 66.Na4 Ba7 67.Ka6  1-0

[Event "BL2-O9697"]
[Site "Germany"]
[Date "1996.??.??"]
[Round "?.1"]
[White "Espig, Lutz"]
[Black "Womacka, Mathias"]
[Result "1/2-1/2"]
[WhiteElo "2395"]
[BlackElo "2465"]

1.Nf3 c5 2.c4 Nf6 3.Nc3 e6 4.g3 b6 5.Bg2 Bb7 6.O-O Be7 7.b3 O-O 8.Bb2 d5
9.e3 Nbd7 10.Qe2 Rc8 11.Rfd1 Qc7 12.cxd5 Nxd5 13.Nxd5 Bxd5 14.e4 Bb7 15.d4 Nf6
16.Ne5 cxd4 17.Bxd4 Rfd8 18.Nc4 Ba6 19.Bf1 b5 20.e5 Nd5 21.Nd6 Bxd6 22.exd6 Qxd6
23.a4 Bb7 24.axb5 Ra8 25.Qe5 Qxe5 26.Bxe5 f6 27.Bd4 Nb6 28.Bxb6 axb6 29.Rxa8 Rxa8
30.Bc4 Bd5 31.Bxd5 exd5 32.Rxd5 Ra3 33.Rd6 Rxb3 34.Rxb6 h5 35.Kg2 Kf7 36.Rb7+ Kg6
37.Rb8 Kh7 38.Kf1 Rb2 39.Ke1 Kg6  1/2-1/2

[Event "NRW-Liga II 9596"]
[Site "Germany"]
[Date "1996.??.??"]
[Round "?"]
[White "Grimm, Sascha"]
[Black "Kruse, Herbert"]
[Result "1-0"]
[WhiteElo "2320"]
[BlackElo "2215"]

1.Nf3 Nf6 2.c4 c5 3.Nc3 d5 4.cxd5 Nxd5 5.g3 Nc6 6.Bg2 Nc7 7.O-O e5 8.Ne1 Bg4
9.Bxc6+ bxc6 10.Qa4 Qd7 11.Nd3 f6 12.f3 Bf5 13.Nf2 Nb5 14.e3 Be7 15.Nce4 Be6
16.Qc2 c4 17.d3 Qd5 18.a4 Nc7 19.Kg2 Rd8 20.Rd1 O-O 21.Nc3 Qc5 22.d4 exd4
23.exd4 Qh5 24.Qe4 Bb4 25.Qxc6 Bxc3 26.g4 Qa5 27.bxc3 Bd5 28.Qc5 Qxc3 29.Ra3 Bxf3+
30.Kg3 Qc2 31.Rxf3 Ne6 32.Qxa7 Nxd4 33.Rxd4 Qxc1 34.Rxd8 Qg1+ 35.Kh3 Qf1+
36.Kg3 Qg1+ 37.Kh3 Qf1+ 38.Kh4 Rxd8 39.Qe7 Rf8 40.Qe6+ Kh8 41.Qe7 Kg8 42.Qe6+ Kh8
43.Qd6 g5+ 44.Kh5 Kg7 45.Qd1 Qg2 46.Qh1 Qxh1 47.Nxh1 Rb8 48.Ng3 Rb2 49.h3 Ra2
50.Ne4 Rxa4 51.Nxf6 Ra5 52.Ne8+ Kg8 53.Nd6 Rc5 54.Ne4 Re5 55.Nxg5 Rc5 56.Rc3 Kg7
57.Kh4 Rc6 58.Ne4  1-0

[Event "BL2-S9596"]
[Site "Germany"]
[Date "1996.??.??"]
[Round "?"]
[White "Dittmar, Peter"]
[Black "Staiger, Frank"]
[Result "0-1"]
[WhiteElo "2380"]
[BlackElo "2285"]

1.Nf3 Nf6 2.c4 c5 3.Nc3 b6 4.e3 Bb7 5.d4 e6 6.Be2 Be7 7.O-O O-O 8.d5 exd5
9.cxd5 d6 10.e4 Nbd7 11.h3 a6 12.a4 Ne8 13.Re1 Nc7 14.Bf4 Re8 15.Bc4 Nf6
16.Qd3 h6 17.Rad1 Bf8 18.e5 dxe5 19.Nxe5 Bd6 20.Nxf7 Kxf7 21.Bxd6 Rxe1+ 22.Rxe1 Qxd6
23.Re6 Nxe6 24.dxe6+ Ke7 25.Qg6 Kd8 26.Qxg7 Qe7 27.Qxh6 Kc8 28.g4 Kb8 29.g5 Ng8
30.Qg6 Ka7 31.Nd5 Qd6 32.Qf7 Qe5 33.h4 Rd8 34.e7 Nxe7 35.Qxe7 Rxd5 36.Qxe5 Rxe5
37.Bf7 Re4 38.Kh2 Rxh4+ 39.Kg3 Rh1 40.g6 Rg1+ 41.Kf4 Rg2 42.Ke5 Bf3 43.b3 Bh5
44.Kf6 Rxf2+ 45.Ke7 b5  0-1

[Event "Landesliga S9596 Bayern"]
[Site "Germany"]
[Date "1996.??.??"]
[Round "?"]
[White "Engelbrecht, Alfred"]
[Black "Kempter, Ronald"]
[Result "0-1"]
[WhiteElo "2200"]
[BlackElo "2250"]

1.c4 Nf6 2.Nc3 c5 3.Nf3 g6 4.g3 Bg7 5.Bg2 O-O 6.d4 d6 7.O-O Nc6 8.b3 cxd4
9.Nxd4 Nxd4 10.Qxd4 d5 11.Bb2 Ne4 12.Qe3 Nxc3 13.Rfc1 d4 14.Qf3 Qa5 15.a3 Qf5
16.e4 Qxf3 17.Bxf3 Bd7 18.Bg2 Ne2+  0-1

[Event "NRW-Liga II 9596"]
[Site "Germany"]
[Date "1996.??.??"]
[Round "?"]
[White "Aumann, Welf"]
[Black "Prange, Stefan"]
[Result "0-1"]
[WhiteElo "2260"]
[BlackElo "2055"]

1.c4 Nf6 2.Nc3 c5 3.Nf3 g6 4.d4 cxd4 5.Nxd4 Bg7 6.e4 d6 7.Be2 O-O 8.Be3 Nc6
9.O-O Qa5 10.Nc2 Ne5 11.f3 Be6 12.Nd5 Bxd5 13.cxd5 Rfc8 14.Na3 a6 15.Qd2 Qxd2
16.Bxd2 b5 17.Rac1 Ned7 18.Rc2 Nb6 19.Rfc1 Nfd7 20.Rxc8+ Rxc8 21.Rxc8+ Nxc8
22.b3 Nc5 23.Nc2 Nb6 24.Ba5 Nbd7 25.Nb4 Bc3 26.Nc6 Bxa5 27.Nxa5 Kg7 28.Nc6 e5
29.Kf2 f5 30.b4 Na4 31.Bd3 Kf6 32.Ke3 h5 33.g3 Nc3 34.a3 Nd1+ 35.Kd2 Nb2
36.Kc2 Na4 37.Kd2 f4 38.Bf1 g5 39.Bh3 Ndb6 40.Bf1 Nd7 41.Bh3 fxg3 42.hxg3 Ndb6
43.Ke1 h4 44.Kf2 Nb2 45.Nb8 N6c4 46.Nxa6 Nxa3 47.Bf1 Nd1+ 48.Ke1 Ne3 49.Kf2 Nec2
50.Nc7 Nd4 51.Kg2 Nc4 52.gxh4 gxh4 53.Nxb5 Ne3+ 54.Kf2 Nxf1 55.Nxd4 exd4
56.Kxf1 d3 57.b5 Ke7 58.b6 Kd7 59.e5 dxe5  0-1

[Event "NRW-Liga I 9596"]
[Site "Germany"]
[Date "1996.??.??"]
[Round "?"]
[White "Rohde, Ulrich"]
[Black "Bokelbrink, Uwe"]
[Result "1-0"]
[WhiteElo "2285"]
[BlackElo "2275"]

1.Nf3 Nf6 2.c4 c5 3.Nc3 e6 4.g3 d5 5.cxd5 exd5 6.d4 Nc6 7.Bg2 Be7 8.O-O O-O
9.Bg5 cxd4 10.Nxd4 h6 11.Bf4 Bg4 12.h3 Be6 13.Nxe6 fxe6 14.e4 d4 15.e5 dxc3
16.exf6 Qxd1 17.Raxd1 Bxf6 18.bxc3 Bxc3 19.Rd7 e5 20.Be3 a5 21.Rb1 Rad8 22.Rbxb7 Rxd7
23.Rxd7 Nd4 24.Bd5+ Kh8 25.Be4 Kg8 26.Kg2 Rb8 27.h4 Kf8 28.Bd5 Rb5 29.Bc4 Rc5
30.Bd3 Rc8 31.Ba6 Re8 32.Bc4 Re7 33.Rd8+ Re8 34.Rd5 Bb4 35.Bxd4 exd4 36.Rxd4 Bc3
37.Rd3 Bf6 38.Rd7 Rb8 39.Bb3 Be7 40.Rd5 Bb4 41.Rd7 Bc3 42.Rc7 Bd4 43.Rd7 Bc3
44.Rd3 Bf6 45.Rd7 Bc3 46.Ra7 Rb6 47.f4 Rd6 48.Bc4 Rd4 49.Rc7 Rd2+ 50.Kf3 Bf6
51.g4 Rh2 52.g5 hxg5 53.hxg5 Bb2 54.Bb3 Bd4 55.Ke4 Ba1 56.Rc1 Bb2 57.Rc5 g6
58.Rxa5 Re2+ 59.Kf3 Re7 60.Ra6 Kg7 61.Bc2  1-0

[Event "BL2-O9596"]
[Site "Germany"]
[Date "1996.??.??"]
[Round "?"]
[White "Derichs, Roger"]
[Black "Womacka, Mathias"]
[Result "1-0"]
[WhiteElo "2295"]
[BlackElo "2475"]

1.Nf3 c5 2.c4 Nf6 3.Nc3 e6 4.g3 b6 5.Bg2 Bb7 6.O-O Be7 7.d4 cxd4 8.Qxd4 d6
9.Rd1 a6 10.b3 Nbd7 11.e4 Qc8 12.Ba3 Nc5 13.e5 dxe5 14.Nxe5 Bxg2 15.Kxg2 Qb7+
16.Kg1 O-O 17.Qe3 Rfd8 18.Na4 Nxa4 19.Bxe7 Qxe7 20.Rxd8+ Qxd8 21.bxa4 Qc7
22.Rb1 Rb8 23.h3 h6 24.Rd1 Rd8 25.Rxd8+ Qxd8 26.a5 bxa5 27.Qa7 Qd1+ 28.Kg2 Qd6
29.Qxf7+ Kh7 30.Ng6 Qc6+ 31.Kh2 Qe8 32.Nf8+ Kh8 33.Qxe8 Nxe8 34.Nxe6 Kg8
35.Nc5 Nd6 36.Nxa6 Nxc4 37.Kg2 Kf7 38.Kf3 Ke6 39.Ke4 Kd6 40.Kd4 Nd2 41.Nc5 Nf3+
42.Kc4 g5 43.Nb7+ Ke6 44.Nxa5 Ng1 45.Kd4 Nxh3 46.Ke3 h5 47.Nb3 Kd5 48.Nd2 Kc5
49.f4 gxf4+ 50.gxf4 h4 51.Ne4+ Kd5 52.a4 Ng1 53.a5 h3 54.Nf6+ Kc6 55.Ng4 h2
56.Nxh2 Nh3 57.Nf3 Nxf4 58.Nd4+ Kb7 59.Kxf4  1-0

[Event "Oberliga Ost 9596 playoff"]
[Site "Germany"]
[Date "1996.??.??"]
[Round "?"]
[White "Meyer, Stefan"]
[Black "Schreiter, Thomas"]
[Result "1-0"]
[WhiteElo "2105"]
[BlackElo "2130"]

1.c4 Nf6 2.Nc3 c5 3.Nf3 g6 4.g3 Bg7 5.Bg2 O-O 6.O-O Nc6 7.a3 d6 8.Rb1 Be6
9.d3 Qc8 10.Re1 h6 11.Bd2 Bh3 12.Bh1 Ng4 13.Nd5 e5 14.b4 Qd8 15.bxc5 Rb8
16.cxd6 Qxd6 17.Qa4 Rfe8 18.Bg2 Bxg2 19.Kxg2 Qc5 20.Ne3 Nf6 21.Bb4 Nxb4 22.axb4 Qb6
23.Qa5 Qxa5 24.bxa5 Nd7 25.Nd2 Bf8 26.Nd5 Re6 27.Rb5 Nc5 28.Reb1 f5 29.Nb3 Nd7
30.Nc1 Nc5 31.Na2 Bd6 32.Nac3 Kf7 33.Ra1 Ke8 34.Na4 Nxa4 35.Rxa4 Kd7 36.Ra1 Kc8
37.Rab1 g5 38.e4 f4 39.gxf4 gxf4 40.f3 Rg6+ 41.Kh1 Rg7 42.Rg1 Rxg1+ 43.Kxg1 a6
44.Rb2 Kd7 45.Rg2 Bf8 46.Rg6 Rd8 47.Kf1 Rb8 48.Rf6 Re8 49.Rf7+  1-0

[Event "BL2-S9596"]
[Site "Germany"]
[Date "1996.??.??"]
[Round "?"]
[White "Orlowski, Juergen"]
[Black "Bosbach, Gerhard"]
[Result "0-1"]
[WhiteElo "2225"]
[BlackElo "2275"]

1.Nf3 Nf6 2.c4 c5 3.Nc3 g6 4.g3 b6 5.Bg2 Bb7 6.O-O Bg7 7.b3 O-O 8.Bb2 d6
9.d4 cxd4 10.Nxd4 Bxg2 11.Kxg2 Qc7 12.e4 Qb7 13.f3 Nbd7 14.Qd2 Rfe8 15.Rad1 a6
16.h4 h5 17.Qe2 Ne5 18.a4 Rad8 19.Rd2 e6 20.Qf2 d5 21.cxd5 exd5 22.exd5 Nxd5
23.Kh2 Ne3  0-1

[Event "Oberliga Nord W9596"]
[Site "Germany"]
[Date "1996.??.??"]
[Round "?"]
[White "Panzer, Peter"]
[Black "Kosak, Robert"]
[Result "0-1"]
[WhiteElo "2360"]
[BlackElo "2220"]

1.Nf3 Nf6 2.c4 c5 3.Nc3 g6 4.d4 cxd4 5.Nxd4 Bg7 6.e4 Nc6 7.Be3 Ng4 8.Qxg4 Nxd4
9.Qd1 Ne6 10.Qd2 Qa5 11.Rc1 b6 12.Be2 Bb7 13.f3 d6 14.O-O g5 15.Rfd1 h5 16.Nd5 Qxd2
17.Rxd2 Be5 18.b4 Rc8 19.g3 h4 20.Bf2 hxg3 21.hxg3 f6 22.Kg2 Kf7 23.a4 Bxd5
24.Rxd5 Rcg8 25.Bg1 Rh6 26.Be3 Rgh8 27.Rg1 Rh2+ 28.Kf1 R8h3 29.Bf2 Bc3 30.a5 Bxb4
31.axb6 axb6 32.Bxb6 Nc5 33.Rd1 g4 34.fxg4 Nxe4 35.Rg2 Nxg3+ 36.Kf2 Nxe2  0-1

[Event "BL2-N9596"]
[Site "Germany"]
[Date "1996.??.??"]
[Round "?"]
[White "Tyrtania, Maximilian"]
[Black "Giemsa, Stephan"]
[Result "1-0"]
[WhiteElo "2250"]
[BlackElo "2310"]

1.c4 c5 2.Nf3 Nf6 3.Nc3 g6 4.d4 cxd4 5.Nxd4 Bg7 6.e4 O-O 7.Be2 Nc6 8.Be3 d6
9.O-O Re8 10.f3 Nd7 11.Rc1 Nc5 12.Qd2 Nxd4 13.Bxd4 Bxd4+ 14.Qxd4 Ne6 15.Qe3 Qa5
16.Rfd1 Qc5 17.Kf2 Kg7 18.Nd5 Bd7 19.Qxc5 dxc5 20.Nc7 Nxc7 21.Rxd7 Ne6 22.Rxb7 Rab8
23.Rxb8 Rxb8 24.Rc2 Nd4 25.Rd2 g5 26.Ke3 e5 27.Bd1 Rb4 28.Kd3 Rb6 29.a3 a5
30.Kc3 Rh6 31.b4 axb4+ 32.axb4 cxb4+ 33.Kxb4 Rxh2 34.Kc5 Rh6 35.Kd5 Re6 36.Rb2 Kf6
37.c5 Re8 38.Rb6+ Ne6 39.Ba4 Rd8+ 40.Rd6 Rc8 41.Rxe6+ fxe6+ 42.Kd6 Ra8 43.Bd7 Ra2
44.Bxe6 Rxg2 45.c6 Rc2 46.Bd5 h5 47.c7 Rxc7 48.Kxc7 h4 49.Bc4 h3 50.Bf1 h2
51.Bg2 Kg6 52.Kd6 Kh5 53.Kxe5 Kh4 54.Kf5 Kg3 55.Bh1 Kf2 56.f4 Kg1 57.Bf3 Kf2
58.Kg4  1-0

[Event "BL2-N9596"]
[Site "Germany"]
[Date "1996.??.??"]
[Round "?"]
[White "Jaehnisch, Frank"]
[Black "Schulenburg, Bernd"]
[Result "1/2-1/2"]
[WhiteElo "2245"]
[BlackElo "2270"]

1.Nf3 Nf6 2.c4 c5 3.Nc3 b6 4.d4 cxd4 5.Nxd4 Bb7 6.f3 d6 7.e4 e6 8.Be2 Be7
9.O-O O-O 10.Be3 a6 11.Qe1 Nc6 12.Qf2 Rb8 13.Rfd1 Qc7 14.Rac1 Nxd4 15.Bxd4 Bc6
16.Nb5 Qd8 17.Bxf6 Bxf6 18.Rxd6 Qe8 19.Nc3 Be7 20.c5 bxc5 21.Rd2 Bb5 22.Rcd1 Qc6
23.e5 Rfd8 24.Kh1 h6 25.Qe3 Rxd2 26.Rxd2 Rd8 27.Rxd8+ Bxd8 28.Bxb5 axb5 29.Qd3 Bg5
30.Qxb5 Qc7 31.Ne4 Qxe5 32.Qe8+ Kh7 33.Qxf7 Qxb2 34.Nxg5+  1/2-1/2

[Event "Bodensee-Cup"]
[Site "Germany"]
[Date "1996.??.??"]
[Round "3"]
[White "Fioramonti, Hung"]
[Black "Werner, Clemens"]
[Result "1/2-1/2"]
[WhiteElo "2360"]
[BlackElo "2325"]

1.Nf3 c5 2.c4 Nf6 3.Nc3 e6 4.g3 b6 5.Bg2 Bb7 6.O-O Be7 7.Re1 d5 8.cxd5 exd5
9.d4 O-O 10.b3 Ne4 11.Bb2 Bf6 12.Rc1 Nd7 13.Ba1 Rc8 14.dxc5 Ndxc5 15.Nb5 Bxa1
16.Rxa1 Ba6 17.Nbd4 Qf6 18.Rc1 Ne6 19.Nc6 Nc3 20.Rxc3 Qxc3 21.Ne7+ Kh8 22.Nxc8 Rxc8
23.Qxd5 Rd8 24.Qe5 Nd4 25.Bf1 h6 26.Qe7 Ra8 27.Rd1 Nxf3+ 28.exf3 Bxf1 29.Qe4 Rc8
30.Kxf1 Qb2 31.Qf5 Rc1 32.Rxc1 Qxc1+ 33.Kg2 Qa3 34.Qc8+ Kh7 35.Qc2+ g6 36.Qe2 h5
37.h4 Kg7 38.Qd2 Qc5 39.Qb2+ Kg8 40.b4 Qb5 41.Qb3 a5 42.bxa5 Qxa5 43.a4 Kf8
44.Qc4 Ke7 45.Qe4+ Kf8 46.g4 Qc5 47.Qf4 Qa5 48.gxh5 gxh5 49.Qh6+ Ke7 50.Qg5+ Ke6
51.Kg3 Qe5+ 52.f4 Qc3+ 53.Kh2 Qa5 54.Kg2 Qd5+ 55.Kh2 Qa5 56.Qh6+ f6 57.Kg3 Qxa4
58.Qxh5 Qb3+ 59.Kh2 Qc2 60.Qe8+ Kf5 61.Kg3 Qb1 62.Qc8+ Kg6 63.Qg8+ Kh6 64.Qh8+ Kg6
65.Qg8+ Kh6 66.Qh8+ Kg6 67.h5+ Kf7 68.h6 Qg1+ 69.Kf3 Qd1+ 70.Ke4 Qe2+ 71.Kd5 Qf3+
72.Kd6 Qxf4+ 73.Kc6 Qf3+ 74.Kd6 Qf4+ 75.Kc6 Qf3+ 76.Kc7 Qf4+ 77.Kb7 Qf3+
78.Ka7 Qa3+ 79.Kxb6  1/2-1/2

[Event "Gistrup"]
[Site "Gistrup"]
[Date "1996.??.??"]
[Round "6"]
[White "Filippov, Valerij"]
[Black "Volzhin, Alexander"]
[Result "1-0"]
[WhiteElo "2565"]
[BlackElo "2485"]

1.Nf3 Nf6 2.c4 c5 3.Nc3 e6 4.g3 d5 5.cxd5 Nxd5 6.Bg2 Nc6 7.O-O Be7 8.d4 O-O
9.e4 Ndb4 10.dxc5 Bxc5 11.a3 Nd3 12.b4 Nxc1 13.Rxc1 Bb6 14.e5 Qe7 15.Qe2 Bd7
16.Ne4 Rad8 17.Rc4 a6 18.Rfc1 Na7 19.Qc2 h6 20.Nf6+  1-0

[Event "Graz op"]
[Site "Graz"]
[Date "1996.??.??"]
[Round "?"]
[White "Riemelmoser, Oliver"]
[Black "Galje, Hans"]
[Result "0-1"]
[WhiteElo "2260"]
[BlackElo "2065"]

1.Nf3 Nf6 2.c4 c5 3.Nc3 d5 4.cxd5 Nxd5 5.e4 Nb4 6.Bc4 Nd3+ 7.Ke2 Nf4+ 8.Kf1 Ne6
9.Ne5 Qd4 10.Qa4+ Bd7 11.Nxd7 Nxd7 12.Bxe6 Qd3+ 13.Kg1 fxe6 14.Qb3 Qa6 15.d3 Rc8
16.Bf4 g6 17.h4 Bg7 18.h5 Kf7 19.Rh3 Ne5 20.Rd1 Nxd3 21.Bh2 c4 22.Rf3+ Ke8
23.Qc2 Rf8 24.Rxf8+ Kxf8 25.Qe2 Qb6 26.hxg6 hxg6 27.Rd2 Bd4 28.Bg3 Kg7 29.Nd1 Rf8
30.b3 Nf4 31.Qxc4 e5 32.Nc3 Qa5 33.b4 Qa3 34.Nb5 Qxg3  0-1

[Event "SLO-ch"]
[Site "Grize"]
[Date "1996.??.??"]
[Round "?"]
[White "Tratar, Marko"]
[Black "Jelen, Igor"]
[Result "1/2-1/2"]
[WhiteElo "2420"]
[BlackElo "2415"]

1.Nf3 c5 2.c4 Nf6 3.Nc3 d5 4.cxd5 Nxd5 5.d4 Nxc3 6.bxc3 g6 7.e4 Bg7 8.Rb1 O-O
9.Be2 cxd4 10.cxd4 Qa5+ 11.Bd2 Qxa2 12.O-O b6 13.Qc1 Bb7 14.Bc4 Qa4 15.Bb5 Qa2
16.Bc4 Qa4 17.Bb5 Qa2 18.Re1 Rc8 19.Qd1 Qc2 20.Qe2 Nc6 21.Rec1 Qa2 22.Bc4 Nxd4
23.Nxd4 Rxc4 24.Qxc4 Qxd2 25.Nc6 Qd7 26.Qd5 Bxc6 27.Rxc6 Qxd5 28.exd5 Be5
29.Kf1 Bd6 30.Ra1  1/2-1/2

[Event "Koop Tjuchem op"]
[Site "Groningen"]
[Date "1996.??.??"]
[Round "5"]
[White "Zagorskis, Darius"]
[Black "Grooten, Herman"]
[Result "0-1"]
[WhiteElo "2520"]
[BlackElo "2375"]

1.c4 c5 2.Nc3 b6 3.Nf3 Nf6 4.d4 cxd4 5.Nxd4 Bb7 6.Bg5 e6 7.Ndb5 d6 8.Bf4 e5
9.Bg5 a6 10.Bxf6 gxf6 11.Na3 d5 12.cxd5 b5 13.Nc2 f5 14.g3 Nd7 15.a3 Nb6
16.Bg2 Bg7 17.e4 f4 18.Nb4 Rc8 19.Nd3 Nc4 20.Qe2 Qg5 21.a4 Nd6 22.axb5 axb5
23.O-O O-O 24.Kh1 Rc4 25.gxf4 exf4 26.e5 Nf5 27.Rg1 Nd4 28.Qd1 Qh4 29.Be4 b4
30.Qg4 Qxg4 31.Rxg4 bxc3 32.Rag1 Kh8 33.f3 f5 34.Rxg7 fxe4 35.Rxb7 exd3 36.bxc3 Rxc3
37.e6 Nf5 38.Rd1 Rg8 39.e7 Re8 40.d6 Nxd6 41.Rd7 Nf5  0-1

[Event "Koop Tjuchem op"]
[Site "Groningen"]
[Date "1996.??.??"]
[Round "11"]
[White "Cifuentes Parada, Roberto"]
[Black "Schlosser, Philipp"]
[Result "0-1"]
[WhiteElo "2500"]
[BlackElo "2560"]

1.c4 Nf6 2.Nc3 c5 3.Nf3 d5 4.cxd5 Nxd5 5.d4 e6 6.e4 Nxc3 7.bxc3 cxd4 8.cxd4 Nc6
9.a3 Be7 10.Be2 O-O 11.O-O b6 12.Be3 Bb7 13.Qd3 Qd6 14.Rfd1 Rfd8 15.h4 Rac8
16.Bg5 h6 17.Bxe7 Nxe7 18.Qe3 Qc6 19.Bd3 Qa4 20.Qe2 Rc3 21.Rd2 Rdc8 22.Bb5 Qa5
23.a4 Ng6 24.d5 exd5 25.exd5 Nf4 26.Qd1 a6 27.Bd7 R8c7 28.Bc6 Bxc6 29.dxc6 R3xc6
30.Rd8+ Kh7 31.Qb1+ f5 32.Qa2 Rc4 33.Re1 Qxa4 34.Qb1 Re4 35.g3 Ne6 36.Rd5 Rxe1+
37.Qxe1 Qe4 38.Qd1 Rc5 39.Rd6 Rc6 40.Rd5 Rc1 41.Qxc1 Qxd5 42.Qe3 b5 43.h5 Qe4
44.Qb3 f4 45.g4 b4 46.Kh2 a5 47.Nh4 Qe2 48.Qb1+ Kg8 49.Qf5 Qxf2+ 50.Ng2 Qe2
51.Kh3 f3  0-1

[Event "Hallsberg op"]
[Site "Hallsberg"]
[Date "1996.??.??"]
[Round "6"]
[White "Fridman, Daniel"]
[Black "Akesson, Ralf"]
[Result "0-1"]
[WhiteElo "2500"]
[BlackElo "2505"]

1.Nf3 Nf6 2.c4 c5 3.Nc3 e6 4.g3 b6 5.Bg2 Bb7 6.O-O Be7 7.d4 cxd4 8.Qxd4 d6
9.b3 O-O 10.Bb2 a6 11.Rfd1 Nbd7 12.Qe3 Qc7 13.Rac1 Rfe8 14.Nd4 Bxg2 15.Kxg2 Bf8
16.f3 Qb7 17.Qd2 Rad8 18.e4 Ne5 19.Qe2 h6 20.f4 Ned7 21.Nf3 Nc5 22.Re1 d5
23.e5 Nfe4 24.cxd5 Nxc3 25.Bxc3 Rxd5 26.Red1 Red8 27.Rxd5 Rxd5 28.Rd1 Rxd1
29.Qxd1 Qe4 30.Qe1 Qc2+ 31.Qd2 Qb1 32.Bd4 Ne4 33.Qb2 Qd1 34.Bxb6 Bb4 35.Ng1 Bd2
36.Qd4 Qc2 37.Kh3 g5 38.Nf3 Bxf4 39.gxf4 Qe2 40.Nxg5 Qf1+ 41.Kg4 Qg2+ 42.Kh5 Qe2+
43.Kh4 hxg5+ 44.fxg5 Qxh2+  0-1

[Event "Hamburg HSK"]
[Site "Hamburg"]
[Date "1996.??.??"]
[Round "1"]
[White "Wilhelmi, Christian"]
[Black "Wahls, Matthias"]
[Result "0-1"]
[WhiteElo "2355"]
[BlackElo "2540"]

1.Nf3 Nf6 2.c4 c5 3.Nc3 e6 4.g3 b6 5.Bg2 Bb7 6.O-O d6 7.Re1 a6 8.e4 Nbd7
9.b3 Rc8 10.Bb2 Be7 11.d4 cxd4 12.Nxd4 Rc7 13.f4 Qa8 14.f5 e5 15.Nc2 b5 16.cxb5 Rxc3
17.Bxc3 Nxe4 18.Bxe4 Bxe4 19.Nb4 axb5 20.Qd2 Bd8 21.a4 Bb6+ 22.Kf1 Bh1 23.Qe2 bxa4
24.Rxa4 Qb7 25.Nd3 O-O 26.Ba5 Ba7 27.Rb1 Bf3 28.Qd2 Bc6 29.Rg4 Bb5  0-1

[Event "Hamburg HSK-B"]
[Site "Hamburg"]
[Date "1996.??.??"]
[Round "3"]
[White "Berg, Claus"]
[Black "Meyer, Falko"]
[Result "1-0"]
[WhiteElo "2395"]
[BlackElo "2305"]

1.c4 Nf6 2.Nc3 c5 3.Nf3 d5 4.cxd5 Nxd5 5.d4 e6 6.e3 Nc6 7.Bd3 cxd4 8.exd4 Be7
9.O-O Bf6 10.Be4 O-O 11.Re1 Ncb4 12.a3 Na6 13.Qd3 h6 14.Bxd5 exd5 15.Bf4 Be6
16.Qb5 Qb6 17.Qxb6 axb6 18.Rac1 Rad8 19.Na4 Bg4 20.Be5 Bxf3 21.Bxf6 gxf6
22.gxf3 Rd6 23.Re7 Rb8 24.Rce1 b5 25.Nc3 b4 26.Nb5 Rc6 27.Rd7 Rc2 28.Ree7 Rf8
29.Nd6 bxa3 30.bxa3 Nb8 31.Rxb7 Nc6 32.Red7 Nd8 33.Rb8 Ne6 34.Rxf8+ Kxf8
35.Rxf7+ Kg8 36.Rxf6 Nxd4 37.Kg2 Ra2 38.Nf5 Nxf5 39.Rxf5 Rxa3 40.Rxd5 Kg7
41.Rd6 Ra5 42.f4 Ra3 43.f3 Ra1 44.h3 Ra4 45.Kg3 Ra5 46.Kg4 Ra4 47.Re6 Ra5
48.Re5 Ra8 49.f5 Ra4+ 50.Re4 Ra7 51.Re6 Ra4+ 52.Re4 Ra7 53.h4 Rb7 54.Re6 Rb4+
55.f4 Rb1 56.f6+ Kf7 57.Kf5 Rh1 58.Re7+ Kf8 59.Rh7 Rxh4 60.Ke6 Kg8 61.f7+  1-0

[Event "Helsinki We SKF op"]
[Site "Helsinki"]
[Date "1996.??.??"]
[Round "2"]
[White "Kochyev, Alexander"]
[Black "Lehto, Ville"]
[Result "1/2-1/2"]
[WhiteElo "2430"]
[BlackElo "2295"]

1.Nf3 c5 2.c4 Nf6 3.Nc3 e6 4.g3 b6 5.Bg2 Bb7 6.O-O Be7 7.d4 cxd4 8.Qxd4 d6
9.Rd1 a6 10.b3 Nbd7 11.e4 O-O 12.Bb2 Qc7 13.Qe3 Rfe8 14.Rac1 Rac8 15.h3 Qb8
16.Nd4 Bf8 17.Re1 g6 18.Rcd1 Nc5 19.g4  1/2-1/2

[Event "ROM-chT"]
[Site "Herculane"]
[Date "1996.??.??"]
[Round "?"]
[White "Marasescu, Ioan"]
[Black "Zetocha, Claudiu"]
[Result "1/2-1/2"]
[WhiteElo "2335"]
[BlackElo "2355"]

1.Nf3 c5 2.c4 Nf6 3.Nc3 e6 4.g3 b6 5.Bg2 Bb7 6.O-O d6 7.d4 cxd4 8.Qxd4 a6
9.Rd1 Be7 10.Bg5 Nbd7 11.Qd2 Qc8 12.Rac1 O-O  1/2-1/2

[Event "Hlohovec op"]
[Site "Hlohovec"]
[Date "1996.??.??"]
[Round "3"]
[White "Krivoshey, Sergei"]
[Black "Likavsky, Tomas"]
[Result "1-0"]
[WhiteElo "2430"]
[BlackElo "2295"]

1.Nf3 c5 2.c4 Nf6 3.Nc3 d5 4.cxd5 Nxd5 5.d4 e6 6.e4 Nxc3 7.bxc3 Be7 8.Bd3 b6
9.O-O O-O 10.Qe2 Bb7 11.Rd1 Nd7 12.Bb2 Qc7 13.a4 Rac8 14.Ba3 Nf6 15.Bc1 Rfd8
16.Bg5 Ne8 17.Bd2 Nf6 18.a5 Nd7 19.h3 Bf8 20.Bg5 c4 21.Bc2 f6 22.Bh4 Re8
23.Bg3 Qc6 24.Qd2 b5 25.d5 exd5 26.exd5 Qa6 27.Bf5 Nc5 28.Qc2 Nd3 29.Bxd3 cxd3
30.Qxd3 Rcd8 31.d6 Bxd6 32.Bxd6 Re6 33.Qf5 Rexd6 34.Rxd6 Qxd6 35.Qxb5 Bxf3
36.gxf3 Qe6 37.Kg2 Rd5 38.Qb8+ Kf7 39.Qc7+ Kg6 40.h4 a6 41.Qg3+ Kh6 42.Ra4 Rc5
43.Rg4 g6 44.Re4 Qf5 45.Qd6 Rxa5 46.Rf4 Qe5 47.Qf8+ Kh5 48.Rxf6 Rc5 49.Qg8 Rc7
50.Rxa6 Kxh4 51.Ra4+ Kh5 52.Re4 Qg5+ 53.Rg4 Qe5 54.Qd8 g5 55.c4 Rf7 56.Qd3 Qe6
57.Re4 Qf5 58.Qe3 Rc7 59.Re5 Qf6 60.Qe4 Rc6  1-0

[Event "HUN-chT1 9596"]
[Site "HUN"]
[Date "1996.??.??"]
[Round "8"]
[White "Szilagyi, Peter"]
[Black "Fusthy, Zsolt"]
[Result "1/2-1/2"]
[WhiteElo "2400"]
[BlackElo "2300"]

1.Nf3 c5 2.c4 Nf6 3.Nc3 b6 4.g3 Bb7 5.Bg2 g6 6.b3 Bg7 7.Bb2 O-O 8.O-O d5
9.Nxd5 Nxd5 10.Bxg7 Kxg7 11.cxd5 Qxd5 12.d4 cxd4 13.Qxd4+ Qxd4 14.Nxd4 Bxg2
15.Kxg2 Rc8 16.Rfc1 Nd7 17.f4 e5 18.Nb5 exf4 19.gxf4 Rc5 20.Rxc5 Nxc5 21.Kf3 Ne6
22.Rc1 Rd8 23.Ke3 a6 24.Nc7 Nxc7 25.Rxc7 Rd6 26.b4 b5 27.Ra7 Rc6 28.Kd3 Rd6+
29.Kc3 Rc6+ 30.Kd3 Rd6+  1/2-1/2

[Event "HUN-chT2 9596"]
[Site "HUN"]
[Date "1996.??.??"]
[Round "9"]
[White "Vadasz, Laszlo"]
[Black "Magyar, Otto"]
[Result "1/2-1/2"]
[WhiteElo "2365"]
[BlackElo "2325"]

1.Nf3 Nf6 2.c4 c5 3.Nc3 g6 4.g3 b6 5.Bg2 Bb7 6.O-O Bg7 7.d4 cxd4 8.Qxd4 d6
9.Be3 O-O 10.Qd2 Nbd7 11.Rac1 Ne4 12.Nxe4 Bxe4 13.Bh6 Nf6 14.Bxg7 Kxg7 15.Ne1 Bxg2
16.Nxg2 Rc8 17.Ne3 Qd7 18.Nd5 Nxd5 19.cxd5 Rxc1 20.Rxc1 Rc8 21.Rxc8 Qxc8
22.Kg2 Qc5  1/2-1/2

[Event "HUN-chT1 9596"]
[Site "HUN"]
[Date "1996.??.??"]
[Round "12"]
[White "Banas, Jan"]
[Black "Feher, Gyula"]
[Result "1/2-1/2"]
[WhiteElo "2410"]
[BlackElo "2420"]

1.c4 c5 2.Nf3 Nf6 3.Nc3 e6 4.g3 b6 5.Bg2 Bb7 6.O-O Be7 7.Re1 d6 8.e4 a6 9.b3 Nbd7
10.d4 cxd4 11.Nxd4 Qc7 12.Bb2 O-O 13.Rc1 Rac8 14.f4 Ba8 15.f5 e5 16.Nd5 Nxd5
17.cxd5 Nc5 18.Nf3 Qd7 19.Qd2 Bb7  1/2-1/2